Роботер: пер. с англ.

Podrobná bibliografie
Hlavní autor: Лэмб А. Алекс
Shrnutí:Когда космические колонии Земли потеряли связь с родной планетой, им пришлось выживать без всякой поддержки. Процесс терраформирования оказался слишком труден и длителен, и люди изменились сами с помощью киборгизации и генетических модификаций. Когда же потомки первых колонистов, наконец, установили хрупкое равновесие с окружающими их враждебными мирами, оказалось, что Земля не погибла. И теперь возродившаяся из руин цивилизация хочет вернуть колонии себе, попутно истребив всех «мутантов». Так начинается первая межзвездная война, грязная, опасная и чудовищно дорогая. В разгар войны люди сталкиваются с иным и чуждым разумом, бесстрастным и всесильным, чьи мотивы непознаваемы, а возможности бесконечны. Только первым на контакт с ним случайно выходит роботер, человек, специально выведенный для управления сложнейшими техническими системами, а его психология и образ мыслей порой сильно отличаются от привычных. Вскоре люди поймут, что о подлинных тайнах космоса они не знают ничего и за некоторые секреты придется заплатить очень высокую цену.
Jazyk:ruština
Vydáno: Москва, АСТ, 2018
Edice:Темная материя
Témata:
Médium: MixedMaterials Kniha
KOHA link:https://koha.lib.tpu.ru/cgi-bin/koha/opac-detail.pl?biblionumber=346760

MARC

LEADER 00000nam0a2200000 4500
001 346760
005 20231102005925.0
010 |a 9785171013172 
035 |a (RuTPU)RU\TPU\book\378645 
090 |a 346760 
100 |a 20211116d2018 m y0rusy50 ca 
101 1 |a rus  |c eng 
102 |a RU 
105 |a y z 000ay 
200 1 |a Роботер  |e пер. с англ.  |f А. Лэмб 
210 |a Москва  |c АСТ  |d 2018 
215 |a 607 с. 
225 1 |a Темная материя 
330 |a Когда космические колонии Земли потеряли связь с родной планетой, им пришлось выживать без всякой поддержки. Процесс терраформирования оказался слишком труден и длителен, и люди изменились сами с помощью киборгизации и генетических модификаций. Когда же потомки первых колонистов, наконец, установили хрупкое равновесие с окружающими их враждебными мирами, оказалось, что Земля не погибла. И теперь возродившаяся из руин цивилизация хочет вернуть колонии себе, попутно истребив всех «мутантов». Так начинается первая межзвездная война, грязная, опасная и чудовищно дорогая. В разгар войны люди сталкиваются с иным и чуждым разумом, бесстрастным и всесильным, чьи мотивы непознаваемы, а возможности бесконечны. Только первым на контакт с ним случайно выходит роботер, человек, специально выведенный для управления сложнейшими техническими системами, а его психология и образ мыслей порой сильно отличаются от привычных. Вскоре люди поймут, что о подлинных тайнах космоса они не знают ничего и за некоторые секреты придется заплатить очень высокую цену. 
606 1 |a Американская литература (англо-язычная литература)  |2 stltpush  |3 (RuTPU)RU\TPU\subj\28887  |9 52349 
610 1 |a художественная литература 
610 1 |a фантастика 
610 1 |a романы 
675 |a 82  |v 4 
700 1 |a Лэмб  |b А.  |g Алекс 
801 1 |a RU  |b 63413507  |c 20211116 
801 2 |a RU  |b 63413507  |c 20211223  |g RCR 
942 |c BK